NBA top 25 all-time - Statistics

General Stats
  • This quiz has been taken 46 times
  • The average score is 18 of 25
Answer Stats
Hint Answer % Correct
1. Lebron James
98%
2. Michael Jordan
98%
8. Stephen Curry
95%
3. Kareem Abdul-Jabbar
91%
4. Shaquille O’Neal
88%
6. Larry Bird
86%
5. Tim Duncan
86%
16. Wilt Chamberlain
86%
7. Bill Russell
84%
9. Magic Johnson
79%
24. Karl Malone
77%
23. Moses Malone
77%
11. Hakeem Olajuwon
74%
13. Jerry West
74%
21. Giannis Antetokounmpo
72%
14. Nikola Jokic
72%
15. Dirk Nowitzki
70%
20. Julius Erving
67%
18. Kevin Garnett
67%
19. David Robinson
60%
12. Oscar Robertson
60%
25. Charles Barkley
51%
22. Dwyane Wade
51%
17. Kevin Duarant
0%
10. Kobe Brytant
0%
No matching quizzes found
Score Distribution
Percent of People with Each Score
Percentile by Number Answered
Your Score History
You have not taken this quiz